00333nam a2200097Ia 4500008004100000100003000041245004600071245003100117260000900148856007800157160531s9999 xx 000 0 und d aPahlavani, Mohammad Reza. aTheoretical Concepts of Quantum Mechanics cby Mohammad Reza Pahlavani c2012 uhttp://www.intechopen.com/books/theoretical-concepts-of-quantum-mechanics